La maschera di scimmia /

Gespeichert in:
Bibliographische Detailangaben
1. Verfasser: Porter, Dorothy Featherstone, (1954-2008) (Verfasst von)
Weitere Verfasser: Perroni, Sergio Claudio (Übersetzung)
Format: Buch
Sprache:Italienisch
Veröffentlicht: Roma : Fandango libri, 1999
Schriftenreihe:Mine vaganti ; 1
Tags: Tag hinzufügen
Keine Tags, Fügen Sie das erste Tag hinzu!

MARC

LEADER 00000nam a22000007i 4500
001 IT\ICCU\VIA\0075337
003 ItRI
005 20260115231954.0
008 990609s1999 it |||||| ||||| |||||c
020 |a 8887517010 
040 |b ita  |c importazione bologna sebina 
041 7 |a ita  |2 ISO-639-2 
082 |a 821.914  |9 POESIA INGLESE, 1945-1999  |2 21 
100 1 |a Porter, Dorothy Featherstone,  |d  (1954-2008)  |0 IT\ICCU\MILV\206844  |4 aut 
240 1 4 |a The Monkey's Mask.  |3 IT\ICCU\RAV\2083291  |9 Porter, Dorothy Featherstone <1954-2008> 
245 1 3 |a La maschera di scimmia /  |c Dorothy Porter ; traduzione di Sergio Claudio Perroni. 
260 |a Roma :  |b Fandango libri,  |c 1999 
300 |a 300 p. ;  |c 21 cm 
700 1 |a Perroni, Sergio Claudio  |0 IT\ICCU\BVEV\014449  |4 trl 
790 1 |a Perroni, Claudio Sergio  |3 IT\ICCU\LO1V\187351  |z Perroni, Sergio Claudio 
790 1 |a Perroni, Sergio  |3 IT\ICCU\CFIV\147672  |z Perroni, Sergio Claudio 
790 1 |a Vega, Vincenzo  |3 IT\ICCU\SBNV\124402  |z Perroni, Sergio Claudio 
830 0 |a Mine vaganti ;  |v 1  |0 IT\ICCU\VIA\0075339 
942 |2 ddc  |c BK  |n 0 
952 |0 0  |1 0  |4 0  |6 L_821_300000000000000_POR  |7 0  |9 18194  |a BO  |b BO  |d 2026-01-15  |i 5322  |l 0  |o L 821.3 POR  |p BO5322  |r 2026-01-15 23:19:54  |w 2026-01-15  |x [Sebina 5] [1 v.]  |y BK  |z 1 v. 
999 |c 15416  |d 15416